[Event "Challenge"]
[Site "http://www.queenalice.com/game.php?id=165812"]
[Date "2007.2.9"]
[Round "-"]
[White "RETI"]
[Black "paku"]
[Result "0-1"]
[WhiteElo "1064"]
[BlackElo "1293"]

1. e4 e5 2. Nf3 Nc6 3. b3 Nf6 4. d3 Bb4+ 5. Bd2 Qe7 6. c3 Bc5 7. b4 Bb6 8. b5
Ng4 9. Be3 Bxe3 10. fxe3 Nxe3 11. Qe2 Qc5 12. bxc6 Nxf1 13. cxd7+ Bxd7 14. Qxf1
Ba4 15. Qe2 Rd8 16. Rf1 Bb5 17. c4 Bd7 18. Nc3 Qa3 0-1

[Event "AUTO-OPEN-553"]
[Site "http://www.queenalice.com/game.php?id=166968"]
[Date "2007.2.11"]
[Round "1"]
[White "kcarlin"]
[Black "RETI"]
[Result "1-0"]
[WhiteElo "1791"]
[BlackElo "1071"]

1. c4 e5 2. g3 Qf6 3. Bg2 Bc5 4. e3 c6 5. Ne2 Ne7 6. O-O O-O 7. d4 exd4 8. exd4
Bb6 9. Nbc3 d6 10. Re1 Bg4 11. Be3 Nf5 12. h3 Nxe3 13. fxe3 Bxe2 14. Rxe2 Nd7
15. Qd3 Qg5 16. Kh2 Nf6 17. Rf1 Nh5 18. g4 Nf6 19. Ne4 Nxe4 20. Bxe4 g6 21. Kg3
d5 22. cxd5 cxd5 23. Bg2 Bc7+ 24. Kf2 Qh4+ 25. Kg1 Qg3 26. Rf3 Qh2+ 27. Kf2 Rae8
28. Re1 Bb8 29. Rh1 Qd6 30. Rc1 Re7 31. Rc3 Rfe8 32. Qc2 Bc7 33. Ke2 Qh2 34. Kd3
b5 35. Bf1 Qh1 36. Qg2 Qxg2 37. Bxg2 Bd6 38. Rc2 b4 39. b3 a5 40. Rc6 Re6 41.
Rc2 Ra8 42. Rf1 a4 43. Bxd5 Re7 44. Bxa8 axb3 45. axb3 Kg7 46. Bd5 Ra7 47. Rcf2
Ra3 48. Rxf7+ Kh6 49. h4 Bg3 50. h5 1-0

[Event "AUTO-OPEN-553"]
[Site "http://www.queenalice.com/game.php?id=166969"]
[Date "2007.2.11"]
[Round "1"]
[White "RETI"]
[Black "kcarlin"]
[Result "1-0"]
[WhiteElo "1071"]
[BlackElo "1791"]

1. e4 c5 2. Bc4 d6 3. Qf3 e6 4. Nc3 Nf6 5. d3 Be7 6. Bg5 O-O 7. Nge2 a6 8. a3 h6
9. Bh4 Nbd7 10. Bg3 e5 11. Bh4 b5 12. Ba2 Rb8 13. Bxf6 Nxf6 14. Nd5 Nxd5 15.
Bxd5 Bb7 16. Bxb7 Rxb7 17. c3 Qd7 18. O-O f5 19. b4 fxe4 20. Qxe4 cxb4 21. axb4
Ra7 22. Qd5+ Kh8 23. Rae1 Qf5 24. d4 e4 25. Qxf5 Rxf5 26. Ng3 Rf4 27. Nxe4 d5
28. Nd2 Rc7 29. Re5 Rd7 30. Rfe1 Rf7 31. Nb3 Bf8 32. Re8 Kg8 33. Nc5 Rde7 34.
R8xe7 Rxe7 35. Rxe7 Bxe7 36. Nxa6 Bd6 37. g3 Kf7 38. Kg2 Kf6 39. Kf3 h5 40. h4
g5 41. hxg5+ Kxg5 42. Nc5 Kf5 43. Nd3 Be7 44. Nf4 h4 45. gxh4 Bxh4 46. Nxd5 Bd8
47. Ne3+ Ke6 48. Ke4 1-0

[Event "AUTO-OPEN-553"]
[Site "http://www.queenalice.com/game.php?id=166994"]
[Date "2007.2.11"]
[Round "1"]
[White "jocker_1"]
[Black "RETI"]
[Result "0-1"]
[WhiteElo "1531"]
[BlackElo "1070"]

1. d4 e6 2. c4 Nf6 3. Nc3 Bb4 4. a3 Bxc3+ 5. bxc3 O-O 6. Bg5 h6 7. e3 hxg5 8.
Bd3 d5 9. c5 Nc6 10. Nf3 Nh7 11. Bxh7+ Kxh7 12. h4 Rh8 13. hxg5+ Kg8 14. Rxh8+
Kxh8 15. Qd3 g6 16. Ke2 Kg7 17. Rh1 Bd7 18. c4 Qe7 19. cxd5 exd5 20. Qb1 Bg4 21.
Qg1 Bxf3+ 22. gxf3 Rg8 23. Kd3 Nd8 24. Qg4 Ne6 25. Qh4 Nxg5 26. Qh6+ Kf6 27. Rh5
Nxf3 28. Qf4+ Ke6 29. Re5+ Nxe5+ 30. Qxe5+ Kd7 31. Qxd5+ Kc8 32. e4 Rd8 33. Qc4
Qf6 34. Ke3 g5 35. a4 g4 36. f4 g3 37. e5 Qg6 38. Qf1 g2 39. Qg1 Qg3+ 40. Ke4
Rh8 41. Qb1 g1=Q 42. Qb5 Q1e3+ 43. Kf5 Qg6# 0-1

[Event "AUTO-OPEN-553"]
[Site "http://www.queenalice.com/game.php?id=166995"]
[Date "2007.2.11"]
[Round "1"]
[White "RETI"]
[Black "jocker_1"]
[Result "1-0"]
[WhiteElo "1070"]
[BlackElo "1531"]

1. e4 e5 2. Nf3 Nc6 3. Bb5 Bd6 4. Bxc6 dxc6 5. O-O Bg4 6. d3 Nf6 7. Bg5 O-O 8.
Nbd2 h6 9. Bxf6 Qxf6 10. a3 h5 11. h3 Be6 12. c3 Qg6 13. Nh4 Qg5 14. Ndf3 Qd8
15. Nf5 Bxf5 16. exf5 Qf6 17. Qb3 Qxf5 18. Qxb7 Rfb8 19. Qxc6 Qxd3 20. Ng5 Rb7
21. Qxb7 Rd8 22. Rad1 Qg6 23. Ne4 f5 24. Nxd6 Rxd6 25. Qxc7 Rc6 26. Rd8+ Kh7 27.
Qxe5 Qg5 28. Qe8 Rf6 29. Qh8+ Kg6 30. Rg8 f4 31. Rxg7+ Kf5 32. Rxg5+ Kxg5 33.
Qxf6+ Kxf6 34. Rd1 Kf5 35. Rd7 Kg5 36. Rxa7 Kh4 37. Kh2 f3 38. Ra4+ Kg5 39. Kg3
fxg2 40. Kxg2 h4 41. Kf3 Kh5 42. c4 Kg5 43. c5 Kh5 44. c6 Kg5 45. c7 Kh5 46.
c8=Q Kg5 47. Qf8 Kh5 48. Qf5+ Kh6 49. Rxh4+ Kg7 50. Rg4+ Kh6 51. Qg6# 1-0

[Event "AUTO-OPEN-553"]
[Site "http://www.queenalice.com/game.php?id=167010"]
[Date "2007.2.11"]
[Round "1"]
[White "mauricio_sm"]
[Black "RETI"]
[Result "1-0"]
[WhiteElo "1753"]
[BlackElo "1048"]

1. e4 e5 2. Nf3 Nf6 3. d3 Nc6 4. g3 d6 5. Nc3 Bg4 6. Bg2 Nd4 7. O-O Bxf3 8. Bxf3
Nxf3+ 9. Qxf3 Be7 10. Bg5 c6 11. Rfe1 O-O 12. Bxf6 Bxf6 13. h4 Qd7 14. Kh2 Rae8
15. Rad1 Re6 16. Qg4 g6 17. Ne2 h5 18. Qh3 Bg7 19. f4 Rd8 20. c3 exf4 21. Nxf4
Rf6 22. Qxd7 Rxd7 23. d4 Bh6 24. Rf1 d5 25. Rde1 Bxf4 26. gxf4 Kg7 27. f5 Re7
28. exd5 Rxe1 29. Rxe1 Rxf5 30. dxc6 bxc6 31. Kg3 Kf8 32. a4 f6 33. Re6 c5 34.
dxc5 Rxc5 35. Rxf6+ Kg7 36. Rd6 1-0

[Event "AUTO-OPEN-553"]
[Site "http://www.queenalice.com/game.php?id=167011"]
[Date "2007.2.11"]
[Round "1"]
[White "RETI"]
[Black "mauricio_sm"]
[Result "0-1"]
[WhiteElo "1050"]
[BlackElo "1751"]

1. Nf3 d6 2. d4 Bg4 3. e4 Nc6 4. Be2 e6 5. O-O Bxf3 6. Bxf3 d5 7. e5 Nge7 8. b3
g6 9. Bb2 Bg7 10. c4 O-O 11. c5 b6 12. cxb6 axb6 13. Nd2 Nf5 14. Qe2 Nfxd4 15.
Bxd4 Nxd4 16. Qd3 Nxf3+ 17. Qxf3 Bxe5 18. Rae1 Qd6 19. g3 Rxa2 20. Rd1 Rfa8 21.
Nc4 Qc5 22. Nxe5 f5 23. Nd7 Qa5 0-1

[Event "Challenge"]
[Site "http://www.queenalice.com/game.php?id=167437"]
[Date "2007.2.12"]
[Round "-"]
[White "RETI"]
[Black "Beyonder"]
[Result "0-1"]
[WhiteElo "1071"]
[BlackElo "1447"]

1. Nf3 d5 2. d4 Nf6 3. Bg5 e6 4. Nbd2 Be7 5. Bxf6 Bxf6 6. e3 O-O 7. Bd3 Nd7 8.
O-O c5 9. c3 a6 10. a3 b5 11. b4 c4 12. Bb1 g6 13. Qc2 Bg7 14. h4 f5 15. g3 Nf6
16. Ne5 Qc7 17. Kg2 Nd7 18. Nxd7 Bxd7 19. Nf3 h6 20. Rh1 Rf7 21. Rh2 Raf8 22.
Ba2 e5 23. dxe5 Bxe5 24. Nxe5 Qxe5 25. Rd1 Bc6 26. Bb1 d4+ 27. Kg1 dxe3 28. Re1
exf2+ 29. Qxf2 Qxc3 30. Bc2 Qxa3 31. h5 g5 32. Rh3 Qxb4 33. Kh2 Re7 34. Rxe7
Qxe7 35. Bd1 Qe4 36. Be2 Qh1# 0-1

[Event "Challenge"]
[Site "http://www.queenalice.com/game.php?id=168414"]
[Date "2007.2.14"]
[Round "-"]
[White "RETI"]
[Black "alexsoncini"]
[Result "0-1"]
[WhiteElo "1044"]
[BlackElo "2021"]

1. e4 e5 2. Nf3 Nc6 3. Bb5 Nd4 4. Nxd4 exd4 5. O-O c6 6. Ba4 g6 7. e5 Bg7 8. Re1
Ne7 9. d3 d6 10. Bg5 Be6 11. Nd2 dxe5 12. Ne4 Qc7 13. Qf3 O-O-O 14. Nc5 Bd5 15.
Qg3 h6 0-1

[Event "Challenge"]
[Site "http://www.queenalice.com/game.php?id=168426"]
[Date "2007.2.14"]
[Round "-"]
[White "RETI"]
[Black "Pato"]
[Result "0-1"]
[WhiteElo "1068"]
[BlackElo "2011"]

1. e4 Nc6 2. Nf3 d5 3. e5 Bg4 4. Bb5 f6 5. Bxc6+ bxc6 6. exf6 Nxf6 7. d4 e6 8.
O-O Bd6 9. Bg5 O-O 10. Nbd2 Qd7 11. Bxf6 Rxf6 12. Qe1 Raf8 13. Ne5 Bxe5 14. dxe5
Rg6 15. f3 Bf5 16. c4 Qe7 17. cxd5 cxd5 18. Rd1 c5 19. Rf2 h5 20. Rc1 h4 21. Nb3
c4 22. Nd4 Bd3 23. Qa5 Qg5 24. Qxa7 Qxc1+ 0-1

[Event "Challenge"]
[Site "http://www.queenalice.com/game.php?id=168490"]
[Date "2007.2.14"]
[Round "-"]
[White "alexsoncini"]
[Black "RETI"]
[Result "1-0"]
[WhiteElo "2019"]
[BlackElo "1046"]

1. e4 e5 2. Nf3 d6 3. c3 Nf6 4. Qc2 Nc6 5. Bb5 Bd7 6. d3 h6 7. Nbd2 Be7 8. Nf1
O-O 9. Ne3 a6 10. Bxc6 Bxc6 11. Nf5 Qd7 12. Nxe7+ Qxe7 13. O-O Rad8 14. c4 1-0

[Event "Challenge"]
[Site "http://www.queenalice.com/game.php?id=168492"]
[Date "2007.2.14"]
[Round "-"]
[White "Pato"]
[Black "RETI"]
[Result "1-0"]
[WhiteElo "2025"]
[BlackElo "1056"]

1. e4 e5 2. d4 c6 3. Nf3 Bb4+ 4. c3 Bd6 5. dxe5 Bc7 6. Bc4 Qe7 7. Bf4 b6 8. O-O
b5 9. Bb3 Ba6 10. Re1 Bb7 11. Nbd2 Na6 12. Nf1 O-O-O 13. Ne3 Kb8 14. Nf5 Qf8 15.
Qd2 Ne7 16. Nd6 Bxd6 17. exd6 Ng6 18. Bg3 Nc5 19. Bc2 f6 20. b4 Na6 21. a4 Ka8
22. Ra2 h5 23. h4 Qf7 24. Rea1 Rhe8 25. axb5 cxb5 26. Rxa6 1-0